000 00226 a2200097 4500
001 51163
100 _aBeckman F S
245 _aMathematical foundations of programming
260 _aLondon
_bWesley
_c
090 _c32397
_d32397
942 _aNUST-CAE
_cM
_c24888
999 _c286236
_d286236